[Event "SRB-chT2 East"]
[Site "Serbia"]
[Date "2018.09.09"]
[Round "4.4"]
[White "Zivkovic, Nemanja"]
[Black "Terzic, Goran"]
[Result "1-0"]
[WhiteElo "2293"]
[BlackElo "2226"]
[PlyCount "54"]
[EventDate "2018.09.07"]
[EventType "team-tourn"]
[EventRounds "11"]
[EventCountry "SRB"]
[SourceTitle "EXT 2021"]
[Source "ChessBase"]
[SourceDate "2020.10.23"]
[SourceVersion "1"]
[SourceVersionDate "2020.10.23"]
[SourceQuality "1"]
[WhiteTeam "Leskovac Glubocica"]
[BlackTeam "Kursumlija"]
[WhiteTeamCountry "SRB"]
[BlackTeamCountry "SRB"]

1. e4 e5 2. Nf3 Nc6 3. Bb5 a6 4. Ba4 Nf6 5. d3 Bc5 6. 0-0 d6 7. c3 Bg4 8. Nbd2 0-0 9. Re1 Nh5 10. h3 Bxh3 11. gxh3 Nf4 12. d4 Qf6 13. Nf1 Qg6+ 14. Ng3 Ba7 15. Bxf4 exf4 16. Nh4 Qg5 17. Qh5 Qf6 18. Nf1 Nxd4 19. cxd4 Qxd4 20. Nh2 Qxa4 21. Nf5 g6 22. Ne7+ Kg7 23. Qh4 Rfe8 24. Ng4 Bd4 25. e5 h5 26. Qf6+ Kh7 27. Nf5 Rg8 1-0

[Event "Belgrade Vucicevic Memorial op"]
[Site "Belgrade"]
[Date "2015.12.13"]
[Round "4"]
[White "Terzic, Goran"]
[Black "Bogosavljevic, Boban"]
[Result "0-1"]
[WhiteElo "2339"]
[BlackElo "2580"]
[PlyCount "44"]
[EventDate "2015.12.13"]
[EventType "swiss"]
[EventRounds "15"]
[EventCountry "SRB"]
[SourceTitle "EXT 2017"]
[Source "ChessBase"]
[SourceDate "2016.10.25"]
[SourceVersion "1"]
[SourceVersionDate "2016.10.25"]
[SourceQuality "1"]

1. e4 c5 2. d3 Nc6 3. g3 d5 4. exd5 Qxd5 5. Nf3 g6 6. Bg2 Bg7 7. 0-0 Nf6 8. Re1 Qh5 9. Qd2 0-0 10. Nc3 Bg4 11. Qf4 Rad8 12. Ne5 Nd4 13. Nxg4 Qxg4 14. Qxg4 Nxg4 15. Rxe7 Nxc2 16. Rb1 Rfe8 17. Rxe8+ Rxe8 18. Bd2 Bd4 19. Bxb7 Nxf2 20. Kg2 Nxd3 21. Rf1 Kg7 22. Bd5 f5 0-1

[Event "SRB Central-chT qual"]
[Site "Nis"]
[Date "2014.10.03"]
[Round "3"]
[White "Terzic, Goran"]
[Black "Djordjevic, Dejan N"]
[Result "1/2-1/2"]
[WhiteElo "2293"]
[BlackElo "2135"]
[PlyCount "44"]
[EventDate "2014.10.02"]
[EventType "team-tourn"]
[EventRounds "7"]
[EventCountry "SRB"]
[SourceTitle "CBM 163 Extra"]
[Source "ChessBase"]
[SourceDate "2014.12.23"]
[SourceVersion "1"]
[SourceVersionDate "2014.12.23"]
[SourceQuality "1"]

1. e4 c5 2. d3 Nc6 3. g3 Nf6 4. Bg2 d5 5. Nd2 e6 6. Ngf3 Be7 7. 0-0 0-0 8. Re1 Rb8 9. h4 b5 10. e5 Nd7 11. Nf1 f5 12. exf6 Rxf6 13. N1h2 Nf8 14. Ng4 Rf5 15. Nge5 Nxe5 16. Nxe5 Qc7 17. Bh3 Rxe5 18. Rxe5 Qxe5 19. Bf4 Qxb2 20. Bxb8 a6 21. Rb1 Qxa2 22. Be5 Qa5 1/2-1/2

[Event "Nis Svetosavski op"]
[Site "Nis"]
[Date "2011.01.23"]
[Round "4"]
[White "Terzic, Goran"]
[Black "Maksimovic, Suzana"]
[Result "1-0"]
[WhiteElo "2285"]
[BlackElo "2206"]
[PlyCount "65"]
[EventDate "2011.01.21"]
[EventType "swiss"]
[EventRounds "5"]
[EventCountry "SRB"]
[SourceTitle "CBM 140 Extra"]
[Source "ChessBase"]
[SourceDate "2011.03.01"]
[SourceVersion "1"]
[SourceVersionDate "2011.03.01"]
[SourceQuality "1"]

1. e4 c5 2. d3 Nc6 3. g3 d5 4. exd5 Qxd5 5. Nf3 Bg4 6. Bg2 Nf6 7. h3 Bh5 8. 0-0 e6 9. Bf4 Qd7 10. Nc3 Be7 11. g4 Bg6 12. Ne5 Nxe5 13. Bxe5 h5 14. g5 Nh7 15. Qf3 0-0-0 16. h4 f6 17. gxf6 Nxf6 18. d4 Ng4 19. Bg3 cxd4 20. Rad1 e5 21. Nd5 Bd6 22. Qb3 Kb8 23. c4 Rhe8 24. Rfe1 Ka8 25. a4 Bf7 26. a5 e4 27. Bxe4 Rxe4 28. Rxe4 Bxd5 29. cxd5 Bc5 30. Qc4 Qf5 31. Rde1 Nf6 32. Qxc5 Rc8 33. Re5 1-0

[Event "Nis Svetosavski op"]
[Site "Nis"]
[Date "2011.01.22"]
[Round "3"]
[White "Milovanovic, Srboljub"]
[Black "Terzic, Goran"]
[Result "0-1"]
[WhiteElo "2193"]
[BlackElo "2285"]
[PlyCount "31"]
[EventDate "2011.01.21"]
[EventType "swiss"]
[EventRounds "5"]
[EventCountry "SRB"]
[SourceTitle "CBM 140 Extra"]
[Source "ChessBase"]
[SourceDate "2011.03.01"]
[SourceVersion "1"]
[SourceVersionDate "2011.03.01"]
[SourceQuality "1"]

1. d4 Nc6 2. d5 Ne5 3. c4 Nxc4 4. e4 Nb6 5. Nc3 e6 6. Nf3 Nf6 7. Bg5 d6 8. h3 Be7 9. Qd2 h6 10. Be3 c6 11. dxe6 Bxe6 12. Be2 Nc4 13. Bxc4 Bxc4 14. 0-0-0 Qa5 15. Kb1 d5 16. Nxd5 0-1

[Event "SRB-chT2 East"]
[Site "Pozarevac"]
[Date "2009.10.10"]
[Round "10.1"]
[White "Terzic, Goran"]
[Black "Mickovic, Slavisa"]
[Result "1/2-1/2"]
[WhiteElo "2292"]
[BlackElo "2101"]
[PlyCount "49"]
[EventDate "2009.09.06"]
[EventType "team"]
[EventRounds "11"]
[EventCountry "SRB"]
[SourceTitle "EXT 2012"]
[Source "ChessBase"]
[SourceDate "2011.11.24"]
[SourceVersion "1"]
[SourceVersionDate "2011.11.24"]
[SourceQuality "1"]

1. e4 c6 2. d4 d5 3. e5 Bf5 4. Ne2 e6 5. Nf4 h6 6. Bd3 Bxd3 7. Nxd3 Ne7 8. 0-0 Nd7 9. Be3 Nf5 10. Nd2 Be7 11. b3 c5 12. c3 cxd4 13. cxd4 Rc8 14. g4 Nxe3 15. fxe3 0-0 16. Rc1 Bg5 17. Qe2 Rxc1 18. Rxc1 f6 19. Nf3 fxe5 20. dxe5 Qb6 21. Nd4 Qa6 22. Kg2 Qb6 23. a4 a5 24. Qe1 Re8 25. h4 1/2-1/2

[Event "YUG-ch op"]
[Site "Nis"]
[Date "1998.??.??"]
[Round "4"]
[White "Terzic, Goran"]
[Black "Brenjo, Slavisa"]
[Result "1/2-1/2"]
[WhiteElo "2290"]
[BlackElo "2450"]
[PlyCount "37"]
[EventDate "1998.??.??"]
[EventType "swiss"]
[EventRounds "11"]
[EventCountry "YUG"]
[SourceTitle "EXT 2002"]
[Source "ChessBase"]
[SourceDate "2001.11.25"]
[SourceVersion "1"]
[SourceVersionDate "2001.11.25"]
[SourceQuality "1"]

1. e4 c5 2. d3 Nc6 3. g3 g6 4. Bg2 Bg7 5. f4 d6 6. Nf3 e5 7. c3 Nge7 8. 0-0 0-0 9. Be3 exf4 10. gxf4 b6 11. d4 Ba6 12. Re1 d5 13. Ne5 cxd4 14. cxd4 dxe4 15. Bxe4 Rc8 16. Nc3 Bb7 17. Bf2 a6 18. Bh4 Na5 19. Bxb7 1/2-1/2

[Event "YUG-ch op"]
[Site "Nis"]
[Date "1996.??.??"]
[Round "5"]
[White "Dutreeuw, Marc"]
[Black "Terzic, Goran"]
[Result "1-0"]
[WhiteElo "2385"]
[BlackElo "2295"]
[PlyCount "74"]
[EventDate "1996.??.??"]
[EventType "swiss"]
[EventRounds "10"]
[EventCountry "YUG"]
[SourceTitle "EXT 1999"]
[Source "ChessBase"]
[SourceDate "1998.11.16"]
[SourceVersion "1"]
[SourceVersionDate "1998.11.16"]
[SourceQuality "1"]

1. e4 Nc6 2. Nf3 e5 3. Bb5 a6 4. Ba4 f5 5. d3 d6 6. Nc3 Nf6 7. 0-0 b5 8. Bb3 Na5 9. d4 Nxb3 10. axb3 fxe4 11. dxe5 exf3 12. exf6 Qxf6 13. Nd5 Qf7 14. Re1+ Kd7 15. Re3 Bb7 16. c4 Re8 17. Rxf3 Qh5 18. Be3 Be7 19. Qd3 Bd8 20. Rd1 Re5 21. Rg3 Qf7 22. Bd4 Rg5 23. Rf3 Qh5 24. Bc3 Re8 25. Rh3 Qg4 26. Rg3 Qh5 27. Rxg5 Qxg5 28. Qh3+ Re6 29. Re1 Qg6 30. Nf4 Bxg2 31. Nxg2 Ke7 32. Rxe6+ Qxe6 33. Qxe6+ Kxe6 34. Bxg7 Bg5 35. f4 Bd8 36. Kf2 d5 37. Ne3 dxc4 1-0

[Event "YUG-chT"]
[Site "Vrnjacka Banja"]
[Date "1996.??.??"]
[Round "?"]
[White "Kovacevic, Aleksandar"]
[Black "Terzic, Goran"]
[Result "0-1"]
[WhiteElo "2430"]
[BlackElo "2295"]
[PlyCount "142"]
[EventDate "1996.??.??"]
[EventType "team"]
[EventRounds "11"]
[EventCountry "YUG"]
[SourceTitle "EXT 2000"]
[Source "ChessBase"]
[SourceDate "1999.11.16"]
[SourceVersion "1"]
[SourceVersionDate "1999.11.16"]
[SourceQuality "1"]

1. d4 Nc6 2. Nf3 d6 3. Bg5 h6 4. Bh4 g6 5. e3 Bg7 6. Bd3 Nf6 7. 0-0 0-0 8. c3 e5 9. Bc2 Qe8 10. Re1 g5 11. Bg3 Bg4 12. Qc1 Bxf3 13. gxf3 Qd7 14. Kg2 Nh5 15. Qd1 exd4 16. cxd4 Nb4 17. Bb3 Qf5 18. a3 Nc6 19. Nc3 Ne7 20. Bc2 Qd7 21. f4 g4 22. Rh1 f5 23. h3 Nf6 24. hxg4 Nxg4 25. Rh4 Nf6 26. Qd3 d5 27. Rah1 Kf7 28. f3 Rad8 29. Be1 Rg8 30. Ne2 Ne8 31. Ng3 Nd6 32. Kf2 Rdf8 33. Bb4 Ke8 34. Rh5 Nc4 35. b3 Nd6 36. Bxd6 Qxd6 37. Nxf5 Nxf5 38. Rxf5 Kd8 39. b4 a6 40. Bb3 c6 41. Rg1 Bf6 42. Rh1 Qe7 43. Rfh5 Qg7 44. R1h2 Qg1+ 45. Ke2 Rg2+ 46. Rxg2 Qxg2+ 47. Ke1 Qxf3 48. Bd1 Qg3+ 49. Kd2 Re8 50. Rxh6 Bh4 51. Qe2 Kc7 52. Bc2 Rg8 53. Kd3 Rg7 54. Kd2 Kb8 55. Rh7 Rg8 56. Rh6 Ka7 57. a4 Be7 58. b5 Bb4+ 59. Kc1 cxb5 60. axb5 Ba3+ 61. Kd2 Qg1 62. b6+ Kb8 63. Bd1 Rc8 64. f5 Bb4+ 65. Kd3 Rc3+ 66. Kd2 Rc6+ 67. Kd3 Rxh6 68. Qf3 Rc6 69. Qf4+ Bd6 70. Qf3 Qe1 71. Qxd5 Qxd1+ 0-1

[Event "YUG-chT"]
[Site "Vrnjacka Banja"]
[Date "1996.??.??"]
[Round "?"]
[White "Pap, Misa"]
[Black "Terzic, Goran"]
[Result "0-1"]
[WhiteElo "2170"]
[BlackElo "2295"]
[PlyCount "62"]
[EventDate "1996.??.??"]
[EventType "team"]
[EventRounds "11"]
[EventCountry "YUG"]
[SourceTitle "EXT 2000"]
[Source "ChessBase"]
[SourceDate "1999.11.16"]
[SourceVersion "1"]
[SourceVersionDate "1999.11.16"]
[SourceQuality "1"]

1. e4 Nc6 2. d4 e5 3. Nf3 exd4 4. Bc4 Nf6 5. e5 d5 6. Bb5 Ne4 7. Nxd4 Bd7 8. Bxc6 bxc6 9. 0-0 Bc5 10. Be3 Qe7 11. Re1 0-0 12. f3 Ng5 13. f4 Ne4 14. Nd2 f5 15. N2f3 Bb6 16. Nb3 Rad8 17. c4 dxc4 18. Nbd4 Be6 19. Qc2 Bd5 20. Rad1 Ba5 21. Rf1 c3 22. b3 Qb4 23. Ne1 c5 24. a3 Qxa3 25. Nxf5 Bxb3 26. Qxe4 Bxd1 27. Ne7+ Kh8 28. f5 Qb4 29. Qc6 Qa4 30. Qe6 Qb3 31. Qxb3 Bxb3 0-1